Most expensive football transfers - Born in 1995 - Statistics

General Stats
  • This quiz has been taken 19 times
  • The average score is 9 of 10
Answer Stats
Fee (M €) Season Nationality Left Joined Player % Correct
117,50 2021-2022 England Aston Villa Manchester City Jack Grealish
100%
60,00 2015-2016 France Monaco Manchester United Anthony Martial
95%
60,00 2018-2019 Guinea RB Leipzig Liverpool Naby Keïta
95%
45,30 2020-2021 Netherlands Bournemouth Manchester City Nathan Aké
95%
80,00 2019-2020 Ivory Coast LOSC Lille Arsenal Nicolas Pépé
95%
48,00 2019-2020 France Olympique Lyon Real Madrid Ferland Mendy
89%
49,00 2022-2023 England Leeds Manchester City Kalvin Phillips
89%
72,00 2018-2019 France Monaco Atlético Madrid Thomas Lemar
84%
45,00 2019-2020 Mexico PSV Eindhoven SSC Napoli Hirving Lozano
79%
60,00 2023-2024 Brazil / Portugal FC Porto Al-Nassr Otávio
58%
No matching quizzes found
Score Distribution
Percent of People with Each Score
Percentile by Number Answered
Your Score History
You have not taken this quiz